Enseñanza Montessori en el Hogar: los años escolares

Сохранить в:
Библиографические подробности
Главный автор: Hainstock, Elizabeth G (Автор)
Формат:
Язык:испанский
Опубликовано: Ciudad de México Diana 1973
Предметы:
Метки: Добавить метку
Нет меток, Требуется 1-ая метка записи!

MARC

LEADER 00000nam a2200000 a 4500
001 UCZ8027
003 CL-VaPUC
008 960112e19730000MX |||||||||||||||||spa|d
082 0 4 |a 371.392  |b HAI  |2 21 
100 0 |a Hainstock, Elizabeth G  |e author  |9 353120 
245 1 0 |a Enseñanza Montessori en el Hogar: los años escolares 
300 |a 186 p 
942 |c BK 
945 |d 19960112 00:00:00  |a cmena 
260 |a Ciudad de México  |b Diana  |c 1973 
650 0 |a Métodos de enseñanza  |9 270413 
650 7 |a METODO MONTESSORI  |2 CL-VaPUC  |9 352548 
650 0 |a Planificación de la educación   |9 307333 
650 7 |a EDUCACION NO FORMAL  |2 CL-VaPUC  |9 308640 
650 7 |a EDUCACION EXTRAESCOLAR  |2 CL-VaPUC  |9 311165 
650 7 |a MATERIAL Y EQUIPO DIDACTICOS  |2 CL-VaPUC  |9 309109 
650 7 |a AYUDAS PARA LA ENSEÑANZA  |2 CL-VaPUC  |9 339750 
650 7 |a ENSEÑANZA INDIVIDUALIZADA  |2 CL-VaPUC  |9 307241 
583 |a last modification  |c 19960112 00:00:00  |k Rodrigo Vera 
999 |c 243995  |d 243993 
952 |0 0  |1 0  |4 0  |6 371_392000000000000_HAI_1973  |7 0  |8 A  |9 257896  |a BIBEDU  |b BIBEDU  |d 2019-11-19  |i 1614347  |l 1  |o 371.392 HAI 1973  |p 1614347  |r 2023-03-31  |s 2023-03-14  |w 2019-11-19  |y BK  |k EDU